00884nam a22002057a 4500999001900000005001700019010001500036020003100051035001400082037001300096082001400109245012400123260004400247270007700291300008900368700002200457700003100479942002800510952014000538 c178476d17847620210331155134.0 aENG-129361 a978-93-5388-380-5c1195.00 aEN-112893 bDBAD/PUB a322.10954 aNation, Nationalism and the Public Sphere: Religious Politics in India/cEdited by Avishek Ray and Ishita Banerjee-Dube aNew DelhibSage Publication Indiac2020 aB1/1-1 Mohan Cooperative Industrial Area Mathura RoadbNew Delhie110044 avi+265p.c22cm(hbk)bIncluding illustrations, bibliographical references and index. aRay, Avishek, Ed. aBanerjee-Dube, Ishita, Ed. 2ddccENh322.10954mNAT 001040708NFICaBL4bBL4d2021-03-31eDBAD/PUBg1195.00l1o322.10954 NATpEN-112893r2021-10-26 00:00:00s2021-09-23t1v1195.00yEN